000 00339 a2200169 4500
001 187375
020 _a85-08-02849-0
040 _cMagnum
100 _aGaldino, Luiz
240 1 0 _aPega ladrão
_lpor
245 1 0 _aPega ladrão
300 _a94
362 0 _a1988
440 1 _aÁtica
697 _aLITERATURA JUVENIL
942 _cBK
999 _c187375
_d187375